Arctic Monkeys Lyrics - American Sports - Statistics

General Stats
  • This quiz has been taken 36 times
  • The average score is 130 of 168
Answer Stats
Lyrics % Correct
a
100%
A
100%
I
100%
in
100%
And
96%
and
96%
million
96%
never
96%
not
96%
So
96%
so
96%
that
96%
That
96%
thought,
96%
year
96%
you
96%
"You
96%
many
92%
meet
92%
my
92%
My
92%
of
92%
when
92%
your
92%
Does
88%
face?
88%
from
88%
gaze
88%
I'd
88%
it
88%
look
88%
on
88%
outer
88%
planet
88%
space
88%
the
88%
The
88%
wipe
88%
years
88%
Earth
83%
money,
83%
money
83%
off
83%
stupid
83%
back?
79%
Can
79%
have
79%
I'm
79%
Lolas
79%
reality
79%
to
79%
American
75%
briefcase
75%
But
75%
God
75%
handcuffed
75%
please
75%
sports
75%
stuck
75%
virtual
75%
for
71%
is
71%
like
71%
still
71%
they
71%
videocall
71%
weekly
71%
With
71%
at
67%
chat
67%
know
67%
mask
67%
what
67%
Breaking
63%
doing"
63%
don't
63%
fluid
63%
just
63%
lost
63%
news,
63%
time
63%
you're
63%
all
58%
make
58%
most
58%
muscular
58%
Parliament
58%
by
54%
Explode
54%
regrets
54%
take
54%
eyes
50%
keys
50%
montage
50%
truth
50%
was
50%
battery
46%
battleground
46%
behind
46%
Emergency
46%
over
46%
pack,
46%
saw
46%
accepted
42%
explanation
42%
Hoo
42%
this
42%
ancient
38%
chorus
33%
Soundtracked
33%
states
33%
steward
33%
ruins
29%
trainer's
29%
Brawl
25%
latest
25%
aura
17%
No matching quizzes found
Score Distribution
Percent of People with Each Score
Percentile by Number Answered
Your Score History
You have not taken this quiz